Criminal justice in Bhutan : (Record no. 122)

MARC details
000 -LEADER
fixed length control field 00666cam a2200205 4500
001 - CONTROL NUMBER
control field 137
005 - DATE AND TIME OF LATEST TRANSACTION
control field 20181127160537.0
008 - FIXED-LENGTH DATA ELEMENTS--GENERAL INFORMATION
fixed length control field 070627s2006 bt a b f001 0 eng
010 ## - LIBRARY OF CONGRESS CONTROL NUMBER
LC control number 2007388230
020 ## - INTERNATIONAL STANDARD BOOK NUMBER
International Standard Book Number 9993665827
043 ## - GEOGRAPHIC AREA CODE
Geographic area code a-bt---
100 0# - MAIN ENTRY--PERSONAL NAME
Personal name Lungten Dubgyur.
245 10 - TITLE STATEMENT
Title Criminal justice in Bhutan :
Remainder of title a handbook on criminal procedure /
Statement of responsibility, etc. Lungten Dubgyur.
250 ## - EDITION STATEMENT
Edition statement 1st ed.
260 ## - PUBLICATION, DISTRIBUTION, ETC.
Place of publication, distribution, etc. Thimphu :
Name of publisher, distributor, etc. Royal Court of Justice,
Date of publication, distribution, etc. c2006.
300 ## - PHYSICAL DESCRIPTION
Extent xv, 156 p. :
Other physical details ill. (chiefly col.) ;
Dimensions 23 cm.
504 ## - BIBLIOGRAPHY, ETC. NOTE
Bibliography, etc. note Includes bibliographical references (p. 146) and index.
650 #0 - SUBJECT ADDED ENTRY--TOPICAL TERM
Topical term or geographic name entry element Criminal procedure
Geographic subdivision Bhutan.
710 1# - ADDED ENTRY--CORPORATE NAME
Corporate name or jurisdiction name as entry element Bhutan.
Subordinate unit Royal Court of Justice
Holdings
Withdrawn status Lost status Source of classification or shelving scheme Damaged status Not for loan Collection code Home library Current library Shelving location Serial Enumeration / chronology Inventory number Total Checkouts Full call number Barcode Date last seen Copy number Price effective from Koha item type Date acquired Date last checked out
    Dewey Decimal Classification     Reference RTC Library RTC Library Reference 352   364.095 DUB 30002730 27/11/2018 2 27/11/2018 Reference    
    Dewey Decimal Classification     Main TEST RTC Library RTC Library Main opac 2550 1 364.095 DUB 30002764 11/09/2023 3 27/11/2018 Main 31/08/2023 31/08/2023
    Dewey Decimal Classification     RCSC Books RTC Library RTC Library RCSC Books 318   364.095 DUB 30002729 27/11/2018 1 27/11/2018 RCSC 09/07/2021  
    Dewey Decimal Classification     Main TEST RTC Library RTC Library Main opac 4819 1 364.095 DUB 30006172 15/06/2021 4 27/11/2018 Main 04/06/2021 04/06/2021
Royal Thimphu College || All Right Reserved